000 00640nam a2200205 i 4500
001 50522
003 ES-MaACL
005 20240611140539.0
007 t|
008 030805s1964 sp ||||1| spa d
100 1 _aCummings, Edward Estlin.
_942159
245 1 0 _a30 poemas /
_cEdward Estlin Cummings ; [traductor] Alfonso Canales y uno más traducido por Rafael León.
260 _aMálaga :
_bAngel Caffarena,
_c1964.
300 _a60 p. ;
_c18 cm.
700 0 _aCanales, Alfonso,
_d1923-
_934387
700 1 _aLeón, Rafael.
_971594
740 0 _aTreinta poemas.
852 _aES-MaACL
_jC-30584
_bR.57644
999 _c50522
_d50522